Statistics for NBA Every All-Star (Hard)

Click here to take the quiz!

General Stats

  • This quiz has been taken 118 times
    (82 since last reset)
  • The average score is 167 of 444

Answer Stats

HintAnswer% Correct
18LeBron James
97%
19Kareem Abdul-Jabbar
93%
18Kobe Bryant
93%
12Kevin Durant
92%
14Michael Jordan
92%
1DeAndre Jordan
89%
12Magic Johnson
86%
8Stephen Curry
85%
2David West
85%
14Jerry West
85%
14Karl Malone
85%
12Moses Malone
85%
15Shaquille O'Neal
85%
10James Harden
84%
2Jeff Malone
84%
12Bill Russell
82%
5Kawhi Leonard
82%
5Klay Thompson
82%
7Kyrie Irving
82%
11Julius Erving
82%
15Tim Duncan
82%
13Wilt Chamberlain
82%
4Draymond Green
81%
4Nikola Jokić
81%
1Cazzie Russell
81%
14Dirk Nowitzki
81%
13Dwyane Wade
81%
10Carmelo Anthony
79%
1D'Angelo Russell
79%
3Luka Dončić
79%
1Campy Russell
79%
4David Thompson
79%
12Larry Bird
79%
1A. C. Green
78%
12Chris Paul
78%
1Jarrett Allen
78%
4Johnny Green
78%
10Ray Allen
78%
1Rickey Green
78%
7Scottie Pippen
78%
1Adrian Smith
75%
6Giannis Antetokounmpo
75%
3Jayson Tatum
75%
9Russell Westbrook
75%
10David Robinson
75%
2Dennis Rodman
75%
2Phil Smith
75%
2Randy Smith
75%
1Steve Smith
75%
11Allen Iverson
74%
5Joel Embiid
74%
7Paul George
74%
1Clifford Robinson
74%
5Dennis Johnson
74%
2Eddie Johnson
74%
1Flynn Robinson
74%
2Glenn Robinson
74%
5Gus Johnson
74%
10Jason Kidd
74%
7Joe Johnson
74%
2John Johnson
74%
3Kevin Johnson
74%
2Larry Johnson
74%
5Marques Johnson
74%
1Steve Johnson
74%
2Truck Robinson
74%
8Anthony Davis
73%
1Jaylen Brown
73%
3Buck Williams
73%
11Chris Bosh
73%
3Deron Williams
73%
2Gus Williams
73%
1Jayson Williams
73%
1Mo Williams
73%
1Antonio Davis
71%
1Austin Carr
71%
2Baron Davis
71%
5John Wall
71%
1Dale Davis
71%
1Fred Brown
71%
2Jack George
71%
15Kevin Garnett
71%
8Steve Nash
71%
6Walter Davis
71%
6Damian Lillard
68%
5Kevin Love
68%
3Bob Love
68%
6Tony Parker
68%
2Trae Young
67%
12Hakeem Olajuwon
67%
10John Stockton
67%
10Paul Pierce
67%
8Vince Carter
67%
8Dwight Howard
66%
2Isaiah Thomas
66%
3Marc Gasol
66%
4Bobby Jones
66%
11Charles Barkley
66%
3Eddie Jones
66%
12Isiah Thomas
66%
6Jermaine O'Neal
66%
1Josh Howard
66%
1Juwan Howard
66%
11Patrick Ewing
66%
6Pau Gasol
66%
1Ricky Pierce
66%
5Sam Jones
66%
13Bob Cousy
64%
3Derrick Rose
63%
2Brad Miller
63%
1Zion Williamson
63%
13John Havlicek
63%
1Lucious Jackson
63%
2Manu Ginóbili
63%
1Mark Jackson
63%
7Tracy McGrady
63%
6Blake Griffin
62%
4Ben Wallace
62%
1Gerald Wallace
62%
12Oscar Robertson
62%
4Rasheed Wallace
62%
5Reggie Miller
62%
4Alvin Robertson
60%
3Bradley Beal
60%
5DeMar DeRozan
60%
6Jimmy Butler
60%
7Kevin McHale
60%
8Yao Ming
60%
3Donovan Mitchell
59%
1Ja Morant
59%
5Chauncey Billups
59%
6Kyle Lowry
58%
11Bob Pettit
58%
2Caron Butler
58%
10Clyde Drexler
58%
9Gary Payton
58%
1Mike Mitchell
58%
6Amar'e Stoudemire
56%
2Domantas Sabonis
56%
5Al Horford
55%
3Karl-Anthony Towns
55%
1Pascal Siakam
55%
8Dikembe Mutombo
55%
9Dominique Wilkins
55%
7James Worthy
55%
9Lenny Wilkens
55%
8Alex English
53%
3Antoine Walker
53%
2Bill Walton
53%
4Kemba Walker
53%
1LaMelo Ball
53%
4Rajon Rondo
53%
7Chet Walker
53%
2Jimmy Walker
53%
1Jrue Holiday
52%
3Khris Middleton
52%
3Rudy Gobert
52%
9Robert Parish
52%
7Alonzo Mourning
51%
1Andrew Wiggins
51%
1Brook Lopez
51%
1Mike Conley
51%
2Joakim Noah
51%
4Penny Hardaway
51%
5Tim Hardaway
51%
1Dejounte Murray
49%
11Elgin Baylor
49%
4George Mikan
49%
1Brandon Ingram
48%
3Devin Booker
48%
1Fred VanVleet
48%
5Bob McAdoo
48%
2Zach LaVine
48%
5Chris Webber
48%
12Elvin Hayes
48%
5Wes Unseld
48%
1Julius Randle
47%
7LaMarcus Aldridge
47%
1Kyle Korver
47%
7Willis Reed
47%
4DeMarcus Cousins
45%
5Chris Mullin
45%
9George Gervin
45%
1Gordon Hayward
44%
4Bill Laimbeer
44%
1Kristaps Porziņģis
44%
3Richard Hamilton
44%
6Shawn Kemp
44%
7Walt Frazier
44%
1Bam Adebayo
42%
8Dave Cowens
42%
1Jim Price
42%
6Joe Dumars
42%
4Mark Price
42%
8Rick Barry
42%
1Andre Iguodala
41%
3Johnny Kerr
41%
7Jo Jo White
41%
3Ben Simmons
40%
4Bernard King
40%
7Grant Hill
40%
1Jim King
40%
3Peja Stojaković
40%
1Tyrone Hill
40%
2Žydrūnas Ilgauskas
40%
6Adrian Dantley
38%
1Darius Garland
38%
1Devin Harris
38%
6Artis Gilmore
37%
1Dale Ellis
37%
5Pete Maravich
37%
2Terry Porter
37%
1Bob Boozer
36%
2Carlos Boozer
36%
2Zach Randolph
36%
1Andrei Kirilenko
34%
2Nikola Vučević
34%
1Horace Grant
34%
1Michael Redd
34%
1Tyson Chandler
34%
1Alvan Adams
33%
4Earl Monroe
33%
1Metta World Peace
33%
1Michael Adams
33%
4Ralph Sampson
33%
1Rik Smits
33%
4Shawn Marion
33%
2Andre Drummond
32%
3Glen Rice
32%
10Hal Greer
32%
4Billy Cunningham
30%
1Jeff Teague
30%
4Paul Millsap
30%
3Brandon Roy
30%
3Gilbert Arenas
30%
1Kenyon Martin
30%
4Maurice Cheeks
30%
6Mitch Richmond
30%
10Paul Arizin
30%
7Slater Martin
30%
2Stephon Marbury
30%
1Vlade Divac
30%
2Antawn Jamison
29%
1Clyde Lee
29%
12Dolph Schayes
29%
3Larry Nance
29%
7Nate Thurmond
29%
1Shareef Abdur-Rahim
29%
5Sidney Moncrief
29%
1Goran Dragić
27%
8Bob Lanier
27%
5Brad Daugherty
27%
5Gail Goodrich
27%
2Rashard Lewis
27%
1Reggie Lewis
27%
6Tom Heinsohn
27%
1Andrew Bynum
26%
2Victor Oladipo
26%
1Danny Granger
26%
2David Lee
26%
2Elton Brand
26%
2Fat Lever
26%
7Jack Sikma
26%
1Jeff Hornacek
26%
2Luol Deng
26%
3Mark Aguirre
26%
1Mark Eaton
26%
2Roy Hibbert
26%
1Sam Cassell
26%
1Bill Bradley
25%
3Bill Bridges
25%
3Charlie Scott
25%
8Dave DeBusschere
25%
3Detlef Schrempf
25%
1Kenny Anderson
25%
6Nate Archibald
25%
8Bill Sharman
23%
1Dan Issel
23%
7Dave Bing
23%
1John Starks
23%
1Kevin Willis
23%
4Latrell Sprewell
23%
1World B. Free
23%
1Doc Rivers
22%
4Doug Collins
22%
7Jerry Lucas
22%
2Kiki Vandeweghe
22%
4Maurice Lucas
22%
4Michael Ray Richardson
22%
1Nick Van Exel
22%
4Ronaldo Blackman
22%
1Wally Szczerbiak
22%
4Connie Hawkins
21%
1Hersey Hawkins
21%
1Jameer Nelson
21%
2Jerry Stackhouse
21%
3Steve Francis
21%
2Terry Cummings
21%
4Tom Chambers
21%
1Calvin Murphy
19%
1Danny Ainge
19%
1Derrick Coleman
19%
3George McGinnis
19%
1Jack Coleman
19%
1Mehmet Okur
19%
2Michael Finley
19%
4Spencer Haywood
19%
2Allan Houston
18%
1Christian Laettner
18%
1Jamal Mashburn
18%
1B. J. Armstrong
16%
1Charles Oakley
16%
1Chris Kaman
16%
4Walt Bellamy
16%
3Dan Majerle
15%
6Lou Hudson
15%
2Norm Nixon
15%
5Rudy Tomjanovich
15%
1Antonio McDyess
14%
4Bob Dandridge
14%
5Cliff Hagan
14%
2Jim Paxson
14%
1Otis Thorpe
14%
1Anthony Mason
12%
1Bill Cartwright
12%
2Danny Manning
12%
3Jamaal Wilkes
12%
2Joe Fulks
12%
2Reggie Theus
12%
6Richie Guerin
12%
2Sean Elliott
12%
1Tom Gugliotta
12%
4Vin Baker
12%
1Bob Harrison
11%
6Jack Twyman
11%
2Jerry Sloan
11%
2Kevin Duckworth
11%
6Neil Johnston
11%
2Paul Silas
11%
5Paul Westphal
11%
6Vern Mikkelsen
11%
1Xavier McDaniel
11%
2Archie Clark
10%
6George Yardley
10%
1Mookie Blaylock
10%
1Sleepy Floyd
10%
6Bailey Howell
8%
1Cedric Ceballos
8%
7Ed Macauley
8%
1James Donaldson
8%
4Jim Pollard
8%
2Terrell Brandon
8%
1Dana Barros
7%
4Guy Rodgers
7%
2Joe Caldwell
7%
1Kermit Washington
7%
3Norm Van Lier
7%
2Andrew Toney
5%
1Billy Knight
5%
2Brian Winters
5%
4Clyde Lovellette
5%
3Dick Van Arsdale
5%
1Jamaal Magloire
5%
1Joe Barry Carroll
5%
4Otis Birdsong
5%
1Theo Ratliff
5%
5Tom Gola
5%
3Tom Van Arsdale
5%
1Dick Barnett
4%
1Don Buse
4%
2Geoff Petrie
4%
2John Drew
4%
2Kelly Tripucka
4%
8Larry Foust
4%
2Larry Kenon
4%
4Arnie Risen
3%
5Carl Braun
3%
7Dick McGuire
3%
2Frank Brian
3%
7Harry Gallatin
3%
1Max Zaslofsky
3%
5Rudy LaRusso
3%
4Sidney Wicks
3%
4Willie Naulls
3%
2Zelmo Beaty
3%
5Andy Phillip
1%
4Bob Davies
1%
1Calvin Natt
1%
1Chris Gatling
1%
3Dan Roundfield
1%
5Don Ohl
1%
1Eddie Miles
1%
5Gene Shue
1%
3Jeff Mullins
1%
1John Block
1%
3Maurice Stokes
1%
4Mel Hutchins
1%
3Phil Chenier
1%
1Ray Felix
1%
2Scott Wedman
1%
1Steve Mix
1%
3Terry Dischinger
1%
5Wayne Embry
1%
1Alex Groza
0%
1Billy Gabor
0%
5Bobby Wanzer
0%
3Bob Kauffman
0%
1Bob Rule
0%
1Butch Beard
0%
1Chuck Noble
0%
1Curtis Rowe
0%
1Darrall Imhoff
0%
4Dick Garmaker
0%
1Don Barksdale
0%
2Don Kojis
0%
1Don Sunderlage
0%
2Dwight Eddleman
0%
2Frank Selvy
0%
1Fred Schaus
0%
2Fred Scolari
0%
2Jack Marin
0%
1Jack Molinas
0%
2Jeff Ruland
0%
1Jon McGlocklin
0%
2Ken Sears
0%
6Larry Costello
0%
1Lee Shaffer
0%
1Len Chappell
0%
2Leo Barnhorst
0%
1Lionel Hollins
0%
1Lonnie Shelton
0%
1Nathaniel Clifton
0%
3Paul Seymour
0%
1Paul Walther
0%
1Ralph Beard
0%
2Red Rocha
0%
1Richie Regan
0%
2Rod Hundley
0%
1Sam Lacey
0%
1Tom Meschery
0%
1Vince Boryla
0%
2Walter Dukes
0%
1Walt Hazzard
0%
1Woody Sauldsberry
0%

Score Distribution

Percentile by Number Answered

Percent of People with Each Score

Your Score History

You have not taken this quiz since the last reset